Modern Prospects for an Ancient Crop
में बचाया:
| स्वरूप: | पुस्तक |
|---|---|
| भाषा: | Undetermined |
| प्रकाशित: |
Washington, D.C
National Academy Press
1984
|
| विषय: | |
| टैग : |
टैग जोड़ें
कोई टैग नहीं, इस रिकॉर्ड को टैग करने वाले पहले व्यक्ति बनें!
|
| Thư viện lưu trữ: | Trung tâm Học liệu Trường Đại học Cần Thơ |
|---|
| LEADER | 00428nam a2200157Ia 4500 | ||
|---|---|---|---|
| 001 | CTU_23598 | ||
| 008 | 210402s9999 xx 000 0 und d | ||
| 082 | |a 635 | ||
| 082 | |b M627 | ||
| 245 | 0 | |a Modern Prospects for an Ancient Crop | |
| 260 | |a Washington, D.C | ||
| 260 | |b National Academy Press | ||
| 260 | |c 1984 | ||
| 650 | |a vegetables | ||
| 904 | |i Sáng, 980427 | ||
| 980 | |a Trung tâm Học liệu Trường Đại học Cần Thơ | ||